000 00287nam a2200145Ia 4500
100 _aAdriaans/ Zantinge
942 _cBK
654 _adata
245 _aData Mining
260 _bPearson Education
_c2003
082 _a5.74
_bADR
300 _a158
546 _aENGLISH
999 _c22139
_d22139